Basic nursing : a psychophysiologic approach

Bibliographic Details
Main Authors: Sorensen, Karen Creason (Author), Luckmann, Joan (Author)
Format: Book
Published: Philadelphia : W.B. Saunders , 1979
Subjects:

MARC

LEADER 00000cam a2200000 7i4500
001 0000008922
005 20180315093000.0
008 021119n
020 |a 072168498X 
090 0 0 |a RT41   |b .S6 
100 0 |a Sorensen, Karen Creason ,   |e author 
245 0 0 |a Basic nursing :   |b a psychophysiologic approach   |c Karen Creason Sorenser, Joan Luckman 
260 2 |a Philadelphia :   |b W.B. Saunders ,   |c 1979 
300 |a xxi, 1311 p. ; ;   |c 27 cm. 
504 |a Includes index 
650 0 |a Nursing 
700 0 |a Luckmann, Joan ,   |e author 
999 |a 1000036686   |b Book   |c OPEN SHELF (30 DAYS)   |e Gong Badak Campus